| 000 -ლიდერი |
| ფიქსირებული სიგრძის საკონტროლო ველი |
01155nam a22002057a 4500 |
| 003 - საკონტროლო ნომრის იდენტიფიკატორი |
| საკონტროლო ველი |
Ge_BSU |
| 005 - ბოლო ოპერაციის თარიღი და დრო |
| საკონტროლო ველი |
20230221164514.0 |
| 008 - ფიქსირებული სიგრძის მონაცემთა ელემენტები - ზოგადი ინფორმაცია |
| ფიქსირებული სიგრძის საკონტროლო ველი |
230221s2005ge xxu||||| |||| 00| 0 geo d |
| 041 ## - ენის კოდი |
| Language code of text/sound track or separate title |
geo |
| 080 ## - უნივერსალური ათობითი კლასიფიკაციის ინდექსი |
| Universal Decimal Classification number |
663.25(075.8) ჯ-22 |
| 100 ## - მთავარი ჩანაწერი - პიროვნების სახელი |
| Personal name |
ჯანხოთელი, გრიგოლ, ავტორი. |
| 9 (RLIN) |
17004 |
| 245 ## - ცნობა სათაურის შესახებ |
| Title |
მეღვინეობა : |
| Remainder of title |
[სახელმძღვანელო] / |
| Statement of responsibility, etc |
გრიგოლ ჯანხოთელი ; რედ. დავით გიაშვილი ; |
| 264 ## - წარმოების, გამოცემის, დისტრიბუციის და სხვა ცნობები |
| გამოცემის, წარმოების, დისტრიბუციის... ადგილი |
თბილისი : |
| გამოცემის, წარმოების, დისტრიბუციის... სახელწოდება |
L & კომპანია, |
| გამოცემის, წარმოების, დისტრიბუციის... თარიღი |
2005. |
| 300 ## - ფიზიკური აღწერა |
| Extent |
646 გვ. : |
| Other physical details |
ნახ., ცხრ. ; |
| Dimensions |
21 სმ. |
| 653 ## - INDEX TERM--UNCONTROLLED |
| Uncontrolled term |
მეღვინეობა -- სახელმძღვანელოები. |
| 700 ## - ADDED ENTRY--PERSONAL NAME |
| Personal name |
გიაშვილი, დავით |
| Relator term |
რედაქტორი |
| 9 (RLIN) |
17005 |
| 711 ## - ADDED ENTRY--MEETING NAME |
| Meeting name or jurisdiction name as entry element |
საქართველოს საინჟინრო-ტექნოლოგიური და ჰუმანიტარული ინსტიტუტი, |
| 9 (RLIN) |
17006 |
| 711 ## - ADDED ENTRY--MEETING NAME |
| Meeting name or jurisdiction name as entry element |
ბაკურციხის ინსტიტუტი |
| 9 (RLIN) |
17007 |
| 942 ## - ADDED ENTRY ELEMENTS (KOHA) |
| Source of classification or shelving scheme |
|
| Koha item type |
წიგნი |